00699nac a22001931u 4500010001300000082001500013090001500028100003400043245013100077250001100208260004600219300002500265500001400290500003400304650003300338942001700371999001500388952010200403 a63014245 a611bC8746 c1739d1739 aCowdry, Edmund Vincent 10aSpecial cytology,bthe form and functions of the cell in health and diseases; a textbook for students of biology and medicine. a2d ed. aNew Yorkb[Hafner Pub. Co.]c1963 [c1932] a3 v.billus.c24 cm. aDonations aDonations - Dr. Mostafa Gouda 0aCytology. [from old catalog] cBBk611C8746 c1739d1739 00104070aMAINbMAINc1STd2012-12-06ePurchasel0o611 COWp000002578r2025-07-15 00:00:00yBB